| 000 | 00721nam a2200229 a 4500 | ||
|---|---|---|---|
| 001 | 000042752 | ||
| 003 | DO-SdBNP | ||
| 005 | 20220504094306.0 | ||
| 007 | ta | ||
| 008 | 140206s2021 ve ac 000 0 spa d | ||
| 020 | _a9789997064066 | ||
| 040 |
_aDO-SdBNP _bspa _cBNPHU |
||
| 082 |
_axxx _bD427t |
||
| 100 | 1 |
_aDerby, Lauren _970076 |
|
| 245 | 1 | 0 |
_aTerreurs de frontiére : _ble masscre des haitiens en Repúblique Dominicaine en 1937 / _cLauren Derby, Richard Turits ; editor Watson Denis |
| 260 |
_aPuerto Principe, Haiti : _bBiblioteca Nacional, _c2021. |
||
| 300 |
_a308 p. : _bil. ; _c24 cm. |
||
| 590 | _aInventariado, 2022 / DG | ||
| 700 | 1 | 2 |
_aDenis, Watson _970077 _eeditor |
| 910 | _aDG | ||
| 942 |
_2ddc _cLBS1 |
||
| 999 |
_c51625 _d51625 |
||